| 000 | 00613nam a22002297a 4500 | ||
|---|---|---|---|
| 005 | 20260312110727.0 | ||
| 008 | 260312b |||||||| |||| 00| 0 eng d | ||
| 020 |
_a0-19-569733-2 _cRs.695.00 |
||
| 040 | _aLoreto College | ||
| 041 | _aEnglish | ||
| 082 |
_a305.5 _bBET |
||
| 100 | _aBeteille,Andre | ||
| 245 |
_aMarxism and class analysis _cAndre Beteille |
||
| 260 |
_aNew Delhi _bOxford University Press _c2008 |
||
| 300 | _aix,326p.;21cm. | ||
| 504 | _aIncludes appendix and index | ||
| 650 | _aSociology | ||
| 650 | _aModern sociology | ||
| 650 | _aMarxism | ||
| 850 | _aLCLIB | ||
| 942 | _cBK | ||
| 999 |
_c44287 _d94766 |
||